Direito brasileiro contemporńeo

Detalles Bibliográficos
Autor principal: de Matos Silva Arruda, Camila Rabelo
Formato: eBook
Lenguaje:portugués
Publicado: Rio de Janeiro: Editora Processo, 2020
Materias:
Acceso en línea:Acceso restringido

MARC

LEADER 00000nam a22000007a 4500
005 20220720010115.0
007 cr|||| ||||
008 220720s2020 br |||||s|||| 00||0 por d
020 |a 978-85-93741-89-0 
035 |a 36750 
040 |a vLex 
090 |c 13614  |d 13614 
100 1 |a de Matos Silva Arruda, Camila Rabelo 
245 1 0 |a Direito brasileiro contemporńeo  |h [Recurso electrn̤ico] /  |c Camila Rabelo de Matos Silva Arruda 
256 |a Servicio en ln̕ea 
260 |a Rio de Janeiro:  |b Editora Processo,  |c 2020 
300 |a 1 recurso electrn̤ico 
506 1 |a Disponible solo en los productos indicados  |d vLex Global  |d vLex Global (Academic Edition, excluding Law Schools)  |d vLex Global (U.S. Academic Edition, Law Schools)  |d vLex Global (U.S. Academic Edition, excluding Law Schools)  |d vLex Global (Academic Edition, Law Schools) 
650 0 4 |a Derecho Civil  |z Brasil 
740 0 |a vLex Libros (Servicio en ln̕ea) 
856 4 0 |u https://app.vlex.com/#/sources/36750  |z Acceso restringido 
942 |c BOOK 
999 0 |a Civil Law